La iglesia revolucionada del siglo XXI / (Registro nro. 50198)

Detalles MARC
000 -LEADER
campo de control de longitud fija 06675cam a22009134i 4500
001 - NÚMERO DE CONTROL
campo de control u47996
003 - IDENTIFICADOR DE NÚMERO DE CONTROL
campo de control PE-LiUPU
005 - FECHA Y HORA DE LA ÚLTIMA TRANSACCIÓN
campo de control 20250731173346.0
008 - DATOS DE LONGITUD FIJA--INFORMACIÓN GENERAL
campo de control de longitud fija 171025s2007 ag a r 000 0 spa d
020 ## - NÚMERO INTERNACIONAL ESTÁNDAR DEL LIBRO
Número Internacional Estándar del Libro 9789875673403
035 ## - NÚMERO DE CONTROL DEL SISTEMA
Número de control de sistema (Sirsi) i9789875673403
040 ## - FUENTE DE CATALOGACIÓN
Centro catalogador/agencia de origen PE-LiUPU
Lengua de catalogación spa
Centro/agencia transcriptor PE-LiUPU
Normas de descripción rda
049 ## - FONDOS LOCALES (OCLC)
Biblioteca depositaria PRUA
050 ## - SIGNATURA TOPOGRÁFICA DE LA BIBLIOTECA DEL CONGRESO
Número de clasificación BV4011.3
Número de ítem .G85 2009
082 04 - NÚMERO DE LA CLASIFICACIÓN DECIMAL DEWEY
Número de clasificación 253.409
Cutter B94 2007
082 04 - NÚMERO DE LA CLASIFICACIÓN DECIMAL DEWEY
Número de clasificación 253.709
Cutter R94
Número de edición 21
082 04 - NÚMERO DE LA CLASIFICACIÓN DECIMAL DEWEY
Número de clasificación 262.1
Cutter B94
Número de edición 21
100 1# - ENTRADA PRINCIPAL--NOMBRE DE PERSONA
Nombre de persona Burrill, Russell,
Término indicativo de función/relación autor.
245 13 - MENCIÓN DEL TÍTULO
Título La iglesia revolucionada del siglo XXI /
Mención de responsabilidad, etc. Russell Burril.
250 ## - MENCION DE EDICION
Mención de edición Primera edición.
264 #1 - PRODUCCIÓN, PUBLICACIÓN, DISTRIBUCIÓN, FABRICACIÓN Y COPYRIGHT
Producción, publicación, distribución, fabricación y copyright Buenos Aires :
Nombre del de productor, editor, distribuidor, fabricante Asoc. Casa Editora Sudamerica,
Fecha de producción, publicación, distribución, fabricación o copyright 2007.
300 ## - DESCRIPCIÓN FÍSICA
Extensión 191 páginas ;
Dimensiones 21 centímetros
336 ## - TIPO DE CONTENIDO
Término de tipo de contenido text
Fuente rdacontent
337 ## - TIPO DE MEDIO
Nombre/término del tipo de medio unmediated
Fuente rdamedia
338 ## - TIPO DE SOPORTE
Nombre/término del tipo de soporte volume
Fuente rdacarrier
505 0# - NOTA DE CONTENIDO CON FORMATO
Nota de contenido con formato Regresemos a nuestras raíces, avancemos hacia el futuro -- El comienzo de la comunidad -- Los intentos de Dios para restaurar la comunidad -- Cómo reencender la iglesia cimentada en las relaciones -- Pablo establece iglesia relacionales en todas partes -- El propósito de la evangelización -- La apostasía y la restauración.-El adventismo y la reunión social -- Elene de White y los grupos pequeños -- El regreso al modelo bíblico.
526 ## - NOTA DE INFORMACIÓN SOBRE EL PROGRAMA DE ESTUDIO
Nombre del programa Segunda Especialidad En Profecías Bíblicas
526 ## - NOTA DE INFORMACIÓN SOBRE EL PROGRAMA DE ESTUDIO
Nombre del programa Segunda Especialidad En Nuevo Testamento
526 ## - NOTA DE INFORMACIÓN SOBRE EL PROGRAMA DE ESTUDIO
Nombre del programa Segunda Especialidad En Antiguo Testamento
526 ## - NOTA DE INFORMACIÓN SOBRE EL PROGRAMA DE ESTUDIO
Nombre del programa Segunda Especialidad En Estudios Adventistas
526 ## - NOTA DE INFORMACIÓN SOBRE EL PROGRAMA DE ESTUDIO
Nombre del programa Doctorado en teología
526 ## - NOTA DE INFORMACIÓN SOBRE EL PROGRAMA DE ESTUDIO
Nombre del programa Maestría en teología histórica
526 ## - NOTA DE INFORMACIÓN SOBRE EL PROGRAMA DE ESTUDIO
Nombre del programa Maestría en teología bíblica
526 ## - NOTA DE INFORMACIÓN SOBRE EL PROGRAMA DE ESTUDIO
Nombre del programa Maestría en teología
526 ## - NOTA DE INFORMACIÓN SOBRE EL PROGRAMA DE ESTUDIO
Nombre del programa Maestría en misionología
526 ## - NOTA DE INFORMACIÓN SOBRE EL PROGRAMA DE ESTUDIO
Nombre del programa Maestría en liderazgo eclesiástico
526 ## - NOTA DE INFORMACIÓN SOBRE EL PROGRAMA DE ESTUDIO
Nombre del programa Teología
596 ## -
-- 1 2 3 4
650 04 - PUNTO DE ACCESO ADICIONAL DE MATERIA--TÉRMINO DE MATERIA
Término de materia o nombre geográfico como elemento de entrada Grupos pequeños
Subdivisión de forma Guías.
650 04 - PUNTO DE ACCESO ADICIONAL DE MATERIA--TÉRMINO DE MATERIA
Término de materia o nombre geográfico como elemento de entrada Renovación de la iglesia
Subdivisión general IASD
Subdivisión de forma Guías.
910 ## - DATOS DE OPCIÓN DEL USUARIO (OCLC)
Datos de opción del usuario gl
-- jcv
-- 20171025
910 ## - DATOS DE OPCIÓN DEL USUARIO (OCLC)
-- qv
-- 20171130
942 ## - ELEMENTOS DE ENTRADA SECUNDARIOS (KOHA)
Fuente del sistema de clasificación o colocación Clasificación Decimal Dewey
Tipo de ítem Koha
994 ## -
-- C0
-- PEPRU
949 ## - PROCESAMIENTO DE INFORMACIÓN LOCAL (OCLC)
a 253.709 B94 2007
w DEWEY
c 1
i FJ09306
f 2017-12-29
g 1
l CCODEBUJ1
m BUJ
p 12.00
r 0
s Y
t BOOK
u 2017-11-28
x BIBLIOTECA
z UNKNOWN
0 COMPRA
o .STAFF. Colección General Juliaca
949 ## - PROCESAMIENTO DE INFORMACIÓN LOCAL (OCLC)
a 253.709 B94 2007
w DEWEY
c 2
i FJ09321
f 2017-12-29
g 1
l CCODEBUJ1
m BUJ
p 12.00
r 0
s Y
t BOOK
u 2017-11-30
x BIBLIOTECA
z UNKNOWN
0 COMPRA
o .STAFF. Colección General Juliaca
949 ## - PROCESAMIENTO DE INFORMACIÓN LOCAL (OCLC)
a 253.709 B94 2007
w DEWEY
c 3
i FJ09322
f 2017-12-29
g 1
l CCODEBUJ1
m BUJ
p 12.00
r 0
s Y
t BOOK
u 2017-11-30
x BIBLIOTECA
z UNKNOWN
0 COMPRA
o .STAFF. Colección General Juliaca
949 ## - PROCESAMIENTO DE INFORMACIÓN LOCAL (OCLC)
a 253.709 R94 2007
w DEWEY
c 1
i FT03393
l CCODEBUT1
m BUT
p 9.00
r 0
s Y
t BOOK
u 2017-10-25
x BIBLIOTECA
z UNKNOWN
0 DONACION
o .STAFF. Coleccion general
949 ## - PROCESAMIENTO DE INFORMACIÓN LOCAL (OCLC)
a 253.709 R94 2007
w DEWEY
c 2
i FT03497
l CCODEBUT1
m BUT
p 9.00
r 0
s Y
t BOOK
u 2018-5-14
x BIBLIOTECA
z UNKNOWN
0 DONACION
o .STAFF. Coleccion general
949 ## - PROCESAMIENTO DE INFORMACIÓN LOCAL (OCLC)
a 253.709 R94 2007
w DEWEY
c 3
i FT03518
l CCODEBUT1
m BUT
p 9.00
r 0
s Y
t BOOK
u 2018-5-18
x BIBLIOTECA
z UNKNOWN
0 DONACION
o .STAFF. Coleccion general
949 ## - PROCESAMIENTO DE INFORMACIÓN LOCAL (OCLC)
a 253.709 R94 2007
w DEWEY
c 4
i FT00904
l CCODEBUT1
m BUT
p 9.00
r 0
s Y
t BOOK
u 2018-5-18
x BIBLIOTECA
z UNKNOWN
0 DONACION
o .STAFF. Coleccion general
949 ## - PROCESAMIENTO DE INFORMACIÓN LOCAL (OCLC)
a 253.709 R94 2007
w DEWEY
c 5
i FT03519
l CCODEBUT1
m BUT
r 0
s Y
t BOOK
u 2018-5-18
x BIBLIOTECA
0 DONACION
o .STAFF. Coleccion general
949 ## - PROCESAMIENTO DE INFORMACIÓN LOCAL (OCLC)
a 253.709 R94
w DEWEY
c 1
i 60826
d 2018-1-22
e 2018-1-19
f 2018-2-8
g 2
l CCODEBUL1
m BUL
n 5
p 9.00
r 0
s Y
t BOOK
u 2015-7-6
x TEOLOGIA
-- P35
0 COMPRA
o .STAFF. Colección Teología
949 ## - PROCESAMIENTO DE INFORMACIÓN LOCAL (OCLC)
a 253.709 R94
w DEWEY
c 2
i 66501
d 2015-9-2
e 2015-9-2
f 2018-2-8
g 2
l CCODEBUL1
m BUL
n 1
p 15.00
r 0
s Y
t BOOK
u 2015-7-6
x TEOLOGIA
-- P35
0 COMPRA
o .STAFF. Colección Teología
949 ## - PROCESAMIENTO DE INFORMACIÓN LOCAL (OCLC)
a 253.709 R94
w DEWEY
c 3
i 66502
d 2018-5-2
e 2018-4-27
f 2018-2-8
g 2
l CCODEBUL1
m BUL
n 1
p 15.00
r 0
s Y
t BOOK
u 2015-7-6
x TEOLOGIA
-- P35
0 COMPRA
o .STAFF. Colección General
949 ## - PROCESAMIENTO DE INFORMACIÓN LOCAL (OCLC)
a BV4011.3 .G85 2009
w DEWEY
c 1
i CW67190
l CIAE5
m BWL
p 10.00
r 1
s Y
t BOOK
u 2016-8-15
x WHITE
z UNKNOWN
0 COMPRA
o .STAFF. Centro White
949 ## - PROCESAMIENTO DE INFORMACIÓN LOCAL (OCLC)
a 262.1 B94 2009
w DEWEY
c 2
i CW66399
l CIAE7
m BWL
p 10.00
r 1
s Y
t BOOK
u 2016-8-15
x WHITE
z UNKNOWN
0 COMPRA
o .STAFF. Centro White
999 ## - NÚMEROS DE CONTROL DE SISTEMA (KOHA)
-- DEWEY
-- 60826
-- 2018-1-19
-- 2021-11-10
-- 5
-- CCODEBUL1
-- BUL
-- 5
-- 9.00
-- 0
-- Y
-- BOOK
-- 2015-7-6
-- TEOLOGIA
-- P35
-- COMPRA
-- .STAFF. Colección Teología
999 ## - NÚMEROS DE CONTROL DE SISTEMA (KOHA)
-- DEWEY
-- 66501
-- 2018-6-11
-- 2021-11-10
-- 5
-- CCODEBUL1
-- BUL
-- 2
-- 15.00
-- 0
-- Y
-- BOOK
-- 2015-7-6
-- TEOLOGIA
-- P35
-- COMPRA
-- .STAFF. Colección Teología
999 ## - NÚMEROS DE CONTROL DE SISTEMA (KOHA)
-- DEWEY
-- 66502
-- 2018-4-27
-- 2021-11-10
-- 5
-- CCODEBUL1
-- BUL
-- 1
-- 15.00
-- 0
-- Y
-- BOOK
-- 2015-7-6
-- TEOLOGIA
-- P35
-- COMPRA
-- .STAFF. Colección General
999 ## - NÚMEROS DE CONTROL DE SISTEMA (KOHA)
-- DEWEY
-- CW67190
-- 2021-12-22
-- 2
-- CCODECWL1
-- BWL
-- 10.00
-- 1
-- Y
-- BOOK
-- 2016-8-15
-- WHITE
-- UNKNOWN
-- COMPRA
-- .STAFF. Centro White
999 ## - NÚMEROS DE CONTROL DE SISTEMA (KOHA)
-- DEWEY
-- CW66399
-- 2021-12-22
-- 2
-- CCODECWL1
-- BWL
-- 10.00
-- 1
-- Y
-- BOOK
-- 2016-8-15
-- WHITE
-- UNKNOWN
-- COMPRA
-- .STAFF. Centro White
999 ## - NÚMEROS DE CONTROL DE SISTEMA (KOHA)
-- DEWEY
-- FT03393
-- 2019-2-20
-- 1
-- CCODEBUT1
-- BUT
-- 9.00
-- 0
-- Y
-- BOOK
-- 2017-10-25
-- BIBLIOTECA
-- UNKNOWN
-- DONACION
-- .STAFF. Coleccion general
999 ## - NÚMEROS DE CONTROL DE SISTEMA (KOHA)
-- DEWEY
-- FT03497
-- 2019-2-20
-- 1
-- CCODEBUT1
-- BUT
-- 9.00
-- 0
-- Y
-- BOOK
-- 2018-5-14
-- BIBLIOTECA
-- UNKNOWN
-- DONACION
-- .STAFF. Coleccion general
999 ## - NÚMEROS DE CONTROL DE SISTEMA (KOHA)
-- DEWEY
-- FT03518
-- 2019-2-20
-- 1
-- CCODEBUT1
-- BUT
-- 9.00
-- 0
-- Y
-- BOOK
-- 2018-5-18
-- BIBLIOTECA
-- UNKNOWN
-- DONACION
-- .STAFF. Coleccion general
999 ## - NÚMEROS DE CONTROL DE SISTEMA (KOHA)
-- DEWEY
-- FT00904
-- 2019-2-20
-- 1
-- CCODEBUT1
-- BUT
-- 9.00
-- 0
-- Y
-- BOOK
-- 2018-5-18
-- BIBLIOTECA
-- UNKNOWN
-- DONACION
-- .STAFF. Coleccion general
999 ## - NÚMEROS DE CONTROL DE SISTEMA (KOHA)
-- DEWEY
-- FT03519
-- 2019-2-20
-- 1
-- CCODEBUT1
-- BUT
-- 0
-- Y
-- BOOK
-- 2018-5-18
-- BIBLIOTECA
-- DONACION
-- .STAFF. Coleccion general
999 ## - NÚMEROS DE CONTROL DE SISTEMA (KOHA)
-- DEWEY
-- FJ09306
-- 2022-2-4
-- 4
-- CCODEBUJ1
-- BUJ
-- 12.00
-- 1
-- 0
-- Y
-- BOOK
-- 2017-11-28
-- BIBLIOTECA
-- UNKNOWN
-- COMPRA
-- .STAFF. Colección General Juliaca
999 ## - NÚMEROS DE CONTROL DE SISTEMA (KOHA)
-- DEWEY
-- FJ09321
-- 2022-2-4
-- 4
-- CCODEBUJ1
-- BUJ
-- 12.00
-- 0
-- Y
-- BOOK
-- 2017-11-30
-- BIBLIOTECA
-- UNKNOWN
-- COMPRA
-- .STAFF. Colección General Juliaca
999 ## - NÚMEROS DE CONTROL DE SISTEMA (KOHA)
-- DEWEY
-- FJ09322
-- 2022-2-4
-- 4
-- CCODEBUJ1
-- BUJ
-- 12.00
-- 1
-- 0
-- Y
-- BOOK
-- 2017-11-30
-- BIBLIOTECA
-- UNKNOWN
-- COMPRA
-- .STAFF. Colección General Juliaca
980 ## - EQUIVALENCIA O REFERENCIA-CRUZADA-MENCIÓN DE SERIE--NOMBRE DE PERSONA/TÍTULO [LOCAL, CANADÁ]
ID del último usuario que modificó el registro 1
Nombre del último usuario que modificó el registro ALBERTO SANCHEZ Responsable de Automatización
Existencias
Visto por última vez Número de inventario Total de préstamos Signatura topográfica completa Código de barras Fecha del último préstamo Copia número Coste, precio de reemplazo Fecha de reemplazo Facultad Tipo de ítem Koha Nota pública Estado de pérdida Fuente del sistema de clasificación o colocación Restricciones de uso No para préstamo Colección Programa académico Biblioteca de origen Biblioteca actual Ubicación en estantería Fecha de adquisición Fuente de adquisición Coste, precio normal de compra
2025-12-02 6 5 253.709 R94 60826 2018-01-19 e1 14.00 2015-07-06   Libros físicos inventario-2023-12-13 No Perdido Clasificación Decimal Dewey No restringido Disponible para préstamos Colección General Teología Biblioteca CRAI UPeU Lima Biblioteca CRAI UPeU Lima Sala principal 2015-07-06 COMPRA 9.00
2025-12-02 6 2 253.709 R94 66501 2018-06-11 e2 20.00 2015-07-06   Libros físicos inventario-2023-12-13 No Perdido Clasificación Decimal Dewey No restringido Disponible para préstamos Colección General Teología Biblioteca CRAI UPeU Lima Biblioteca CRAI UPeU Lima Sala principal 2015-07-06 COMPRA 15.00
2025-12-02 6 1 253.709 R94 66502 2018-04-27 e3 20.00 2015-07-06   Libros físicos inventario-2023-12-13 No Perdido Clasificación Decimal Dewey No restringido Disponible para préstamos Colección General Teología Biblioteca CRAI UPeU Lima Biblioteca CRAI UPeU Lima Sala principal 2015-07-06 COMPRA 15.00